000 00229nam a2200097Ia 4500
008 230915s9999 xx 000 0 und d
050 _aTS 156 .G 87
100 _aGUPTA,R.C.
245 0 _aSTATISTICAL QUALITY CONTROL
942 _cBK
999 _c205790
_d205790